| 000 | 005470000a22001930004500 | ||
|---|---|---|---|
| 001 | 003289 | ||
| 003 | MACL | ||
| 005 | 20150814181235.0 | ||
| 008 | 150814b xxu||||| |||| 00| 0 eng d | ||
| 040 |
_aMACL _cMACL |
||
| 041 | _aEnglish | ||
| 082 | _a501/CHA | ||
| 100 |
_aChattopadhyaya, D.P. _91597 |
||
| 245 |
_aScience Philosophy And Culture _bMulti Disciplinary ExplorationsP̜art One _cD.P. Chattopadhyaya |
||
| 260 |
_aNew Delhi _c1997 _bMunshiram Manoharlal Publishers, |
||
| 350 | _a900 | ||
| 650 |
_aScience _95770 |
||
| 942 |
_k501 _cBK _2ddc |
||
| 999 |
_c15194 _d15194 |
||